000 00241nam a2200121Ia 4500
100 _aCicilioni R
942 _cBK
654 _aComputer
245 _aLotus 1-2-3-
260 _bGalgotia
_aNew Delhi
_c1994
546 _aENGLISH
999 _c34938
_d34938